Lana del Rey - Chansons par ordre alphabétique - Statistiques

Statistiques générales
  • Ce quiz a été pris 33 fois
    3 depuis la dernière actualisation
  • Le résultat moyen est 86 sur 150
Statistiques - réponses
Lettres Chansons % Correct
Chiffres 24
100%
A Arcadia
100%
B Bartender
100%
B Born to Die
100%
Chiffres 13 Beaches
67%
A American
67%
A Art Deco
67%
A A&W
67%
B Bel Air
67%
B Black Beauty
67%
B Bluebird
67%
B Blue Jeans
67%
B Body Electric
67%
B Brooklyn Baby
67%
B Burning Desire
67%
B Burnt Norton (Interlude)
67%
C California
67%
C Carmen
67%
C Change
67%
C Chemtrails Over The Country Club
67%
C Cherry
67%
C Cinnamon Girl
67%
C Coachella – Woodstock in My Mind
67%
C Cola
67%
C Cruel World
67%
D Dark But Just A Game
67%
D Dark Paradise
67%
D Dealer
67%
D Did you know that there's a tunnel under Ocean Blvd
67%
B Blue Banisters
67%
U Ultraviolence
67%
D Doin' Time
67%
D Don't Let Me Be Misunderstood
67%
F First Light
67%
F Fishtail
67%
F Flipside
67%
F Freak
67%
F Fucked My Way Up to the Top
67%
F Fuck It I Love You
67%
G Get Free
67%
G God Bless America – and All the Beautiful Women in It
67%
G Gods & Monsters
67%
G Gramma (Blue Ribbon Sparkler Trailer Heaven)
67%
G Groupie Love
67%
G Guns & Roses
67%
H Happiness Is a Butterfly
67%
H Henry, come on
67%
H Heroin
67%
H Honeymoon
67%
H Hope Is a Dangerous Thing for a Woman like Me to Have – but I Have It
67%
H How to Disappear
67%
I Is This Happiness
67%
J Jon Batiste Interlude
67%
J Jump
67%
K Kill Kill
67%
L Let Me Love You like A Woman
67%
L Let The Light In
67%
L Living Legend
67%
L Lolita
67%
L Looking for America
67%
L Love
67%
L Love Song
67%
L Lucky Ones
67%
L Lust for Life
67%
M Margaret
67%
M Mariners Apartment Complex
67%
M Million Dollar Man
67%
M Money Power Glory
67%
M Music to Watch Boys to
67%
N National Anthem
67%
N Norman Fucking Rockwell
67%
O Off To The Races
67%
O Old Money
67%
P Paris, Texas
67%
P Put Me In a Movie
67%
Q Queen of the Gas Station
67%
R Religion
67%
R Ride
67%
S Sad Girl
67%
S Salvatore
67%
S Say Yes to Heaven
67%
S Shades of Cool
67%
S Summer Bummer
67%
S Summertime Sadness
67%
S Swan Song
67%
T Taco Truck x VB
67%
T Terrence Loves You
67%
G The Greatest
67%
N The Next Best American Record
67%
O The Other Woman
67%
T This Is What Makes Us Girls
67%
T Thunder
67%
T Tulsa Jesus Freak
67%
V Venice Bitch
67%
V Video Games
67%
W West Coast
67%
W When the World Was at War We Kept Dancing
67%
W White Dress
67%
W White Mustang
67%
W Wild At Heart
67%
W Wildflower Wildfire
67%
Y Yayo
67%
Y Yosemite
67%
B Beautiful
33%
B Beautiful People Beautiful Problems
33%
B Black Bathing Suit
33%
B Blue Skies
33%
B Blue Velvet
33%
B Breaking Up Slowly
33%
B Brite Lites
33%
C Candy Necklace
33%
C Cherry Blossom
33%
D Dance Till We Die
33%
D Diet Mountain Dew
33%
F Fingertips
33%
F Florida Kilos
33%
F For Free (ft. Zella Day & Weyes Blood)
33%
F For K Part 2
33%
G God Knows I Tried
33%
G Grandfather please stand on the shoulders of my father while he's deep-sea fishing
33%
H High by the Beach
33%
I If You Lie Down With Me
33%
I In My Feelings
33%
T Interlude - The Trio
33%
J Judah Smith Interlude
33%
K Kintsugi
33%
M Mermaid Motel
33%
N Nectar of the Gods
33%
N Not All Who Wander Are Lost
33%
O Oh Say You Can See
33%
O Once Upon a Dream
33%
P Pawn Shop Blues
33%
P Peppers
33%
P Pretty When You Cry
33%
R Radio
33%
R Raise Me Up (Mississippi South)
33%
S Season of the Witch
33%
S Smarty
33%
S Summertime The Gershwin Version
33%
S Sweet
33%
S Sweet Carolina
33%
T Take me Home, Country Roads
33%
T Text Book
33%
B The Blackest Day
33%
G The Grants
33%
T Tomorrow Never Came
33%
V Violets for Roses
33%
W Watercolor Eyes
33%
W Without You
33%
Y Young & Beautiful
33%
Aucun quiz correspondant
Distribution des résultats
% des personnes avec chaque résultat
Percentile par nombre de réponses
Votre historique - résultats
Vous n’avez pas pris ce quiz depuis la dernière actualisation